Die 200 größten Städte der Welt - Statistiken

Allgemein
  • Dieses Quiz wurde 2.396 mal gespielt
  • Das Durchschnittsergebnis liegt bei 104 aus 200
Antwortstatistiken
Hints Antwort % Korrekt
Japan Tokio-Yokohama
98%
Mexiko Mexiko-Stadt
95%
Vereinigte Staaten New York-Newark
95%
China Peking
94%
Türkei Istanbul
93%
Ägypten Kairo-Gizeh
93%
Vereinigtes Königreich London
93%
Frankreich Paris
93%
Russland Moskau
92%
Brasilien Rio de Janeiro
92%
Deutschland Berlin
91%
Vereinigte Staaten Los Angeles-Long Beach
90%
Spanien Madrid
89%
Südkorea Seoul
89%
Indien Delhi
88%
Türkei Ankara
87%
Argentinien Buenos Aires
87%
Italien Rom
87%
Indien Mumbai
86%
Brasilien Sao Paulo
86%
China Shanghai
86%
Spanien Barcelona
85%
Brasilien Brasília
84%
Russland Sankt Petersburg
83%
Australien Sydney
83%
Thailand Bangkok
82%
Vereinigte Staaten Chicago
82%
Peru Lima
82%
Indonesien Jakarta
81%
Südafrika Johannesburg
81%
Kolumbien Bogotá
80%
Südafrika Kapstadt
80%
Kanada Toronto
80%
Vereinigte Staaten Washington, D.C.
80%
Vereinigte Staaten Miami
79%
Japan Osaka-Kobe
79%
Singapur Singapur
79%
Iran Teheran
79%
Griechenland Athen
78%
Portugal Lissabon
78%
Philippinen Manila
78%
Vereinigte Staaten San Francisco-Oakland
78%
Ukraine Kiew
77%
Italien Mailand
77%
Saudi-Arabien Riad
77%
Irak Bagdad
76%
Bangladesch Dhaka
75%
Vereinigte Arabische Emirate Dubai
75%
Vietnam Hanoi
75%
Nigeria Lagos
75%
Vereinigte Staaten Dallas-Fort Worth
74%
China Hongkong
74%
Australien Melbourne
74%
Malaysia Kuala Lumpur
73%
Chile Santiago de Chile
73%
Vereinigte Staaten Houston
72%
Afghanistan Kabul
72%
Vereinigte Staaten Boston
71%
Syrien Damaskus
71%
Taiwan Taipeh
71%
Algerien Algier
70%
Dem. Rep. Kongo Kinshasa
69%
Vereinigtes Königreich Manchester
69%
Kenia Nairobi
69%
Venezuela Caracas
68%
Nordkorea Pjöngjang
68%
Ägypten Alexandria
67%
Senegal Dakar
67%
Kanada Vancouver
67%
Vereinigtes Königreich Birmingham
66%
Kuwait Kuwait-Stadt
66%
Israel Tel Aviv-Jatta
66%
Ghana Accra
65%
Indien Kalkutta
65%
Vereinigte Staaten Philadelphia
65%
Vereinigte Staaten Seattle
65%
Aserbaidschan Baku
64%
Jemen Sana'a
64%
Äthiopien Addis Abeba
63%
Marokko Casablanca
63%
China Guangzhou
63%
Vietnam Ho-Chi-Minh-Stadt
63%
Kanada Montreal
63%
Angola Luanda
62%
Vereinigte Staaten Atlanta
61%
Vereinigte Staaten Detroit
61%
Vereinigte Staaten Denver-Aurora
60%
Guatemala Guatemala-Stadt
60%
Vereinigte Staaten Las Vegas
60%
China Wuhan
59%
Paraguay Asunción
58%
Vereinigte Staaten Phoenix-Mesa
57%
Haiti Port-au-Prince
57%
Vereinigte Staaten San Diego
57%
Nigeria Abuja
56%
Sudan Khartum-Omdurman
56%
Brasilien Belo Horizonte
54%
Usbekistan Taschkent
54%
Madagaskar Antananarivo
53%
Pakistan Karatschi
53%
Dominkanische Republik Santo Domingo
53%
Pakistan Lahore
51%
Kamerun Yaoundé
51%
Mali Bamako
50%
China Xi'an
50%
Indien Chennai
49%
Türkei Izmir
49%
Kolumbien Medellín
48%
Mexiko Guadalajara
47%
Indien Hyderabad
47%
Burkina Faso Ouagadougou
47%
China Shenzhen
47%
Tansania Daressalam
45%
Syrien Aleppo
44%
Mexiko Monterrey
44%
Japan Nagoya
44%
Südkorea Busan
43%
Südafrika Durban
43%
Indien Ahmedabad
42%
China Tianjin
42%
Elfenbeinküste Abidjan
41%
China Chengdu
41%
China Xiamen
41%
China Chongqing
40%
Myanmar (Birma) Rangun
40%
Brasilien Recife
39%
Japan Sapporo
39%
Vereinigte Staaten Baltimore
37%
Kolumbien Cali
36%
Vereinigte Staaten Minneapolis-Sankt Paul
36%
Brasilien Porto Alegre
36%
Indien Pune
36%
China Nanjing
35%
Indien Bengaluru
34%
Bangladesch Chittagong
34%
Brasilien Fortaleza
34%
Saudi-Arabien Dschidda
33%
Brasilien Salvador da Bahia
33%
Indonesien Surabaya
33%
Indonesien Bandung
32%
Indien Jaipur
32%
China Hangzhou
31%
China Harbin
31%
China Dalian
30%
Japan Fukuoka
30%
China Qingdao
30%
Nigeria Kano
29%
China Shenyang
29%
Indien Surat
29%
China Changsha
27%
Südkorea Daegu
26%
Kamerun Douala
26%
China Hefei
26%
China Kunming
26%
Vereinigte Staaten Tampa-St.Petersburg
26%
Ecuador Guayaquil
25%
Nigeria Ibadan
24%
China Nanning
24%
Mexiko Puebla
24%
China Wenzhou
24%
China Zhengzhou
24%
Brasilien Curitiba
23%
China Fuzhou
23%
China Shantou
23%
China Ürümqi
23%
China Changchun
22%
Pakistan Faisalabad
22%
Ghana Kumasi
22%
Indien Nagpur
22%
Indien Kanpur
21%
China Lanzhou
21%
China Suzhou
21%
Südkorea Incheon
20%
China Jinan
20%
Brasilien Campinas
19%
China Dongguan
19%
Indien Indore
19%
Iran Maschhad
19%
China Ningbo
19%
China Wuxi
19%
China Foshan
18%
Nigeria Port Harcourt
18%
Vereinigte Staaten San Juan (Puerto Rico)
18%
Indien Coimbatore
17%
Pakistan Rawalpindi
17%
Indien Lakhnau
16%
China Shijiazhuang
16%
China Zibo
16%
China Guiyang
15%
China Nanchang
15%
China Tangshan
15%
China Changzhou
14%
Japan Hamamatsu
14%
Brasilien Goiana
13%
China Taiyuan
13%
China Zhongchan
13%
China Huizhou
12%
Indien Cochin
11%
Indien Kozhikode
11%
Indien Thrissur
11%
Keine übereinstimmenden Quizze gefunden
Verteilung der Resultate
Anzahl Personen mit jedem Resultat
Perzentil nach korrekt beantworteten Fragen
Ihre Resultats-Entwicklung
Sie haben dieses Quiz noch nicht gespielt